A nemzetközi konferenciákhoz kapcsolódó programok kulturális, közösségi és trendalapú hatásai Budapesten
| Main Author: | |
|---|---|
| Other Authors: | |
| Format: | Thesis |
| Kulcsszavak: | Budapest imázs közösség kultúra nemzetközi konferencia programok trendek |
| Online Access: | http://dolgozattar.uni-bge.hu/60001 |
MARC
| LEADER | 00000nta a2200000 i 4500 | ||
|---|---|---|---|
| 001 | dolg60001 | ||
| 005 | 20260409145845.0 | ||
| 008 | 260409suuuu hu om 000 hun d | ||
| 040 | |a BGE Dolgozattár Repozitórium |b hun | ||
| 041 | |a hu | ||
| 100 | 1 | |a Schneider Korina | |
| 245 | 1 | 2 | |a A nemzetközi konferenciákhoz kapcsolódó programok kulturális, közösségi és trendalapú hatásai Budapesten |c Schneider Korina |h [elektronikus dokumentum] |
| 520 | 3 | |a A dolgozat célja annak vizsgálata volt, hogy a nemzetközi konferenciákhoz kapcsolódóprogramok – úgymint elő- és utóprogramok, kísérőprogramok, valamint aznapi kiegészítőkulturális események – milyen szerepet töltenek be a résztvevők kulturális élményeinekformálásában, a helyi kultúra közvetítésében, a résztvevők közötti közösségépítésben, illetveBudapest turisztikai imázsának alakításában. Emellett figyelmet fordítottam az aktuálistrendek – a fenntarthatóság és a digitalizáció vonatkozásában – rendezvényszervezésifolyamatokra gyakorolt hatásának feltárására is. A kutatás részeként – bár felszínesebben –vizsgáltam a nemzetközi konferenciák közösségépítő szerepét is. | |
| 695 | |a Budapest | ||
| 695 | |a imázs | ||
| 695 | |a közösség | ||
| 695 | |a kultúra | ||
| 695 | |a nemzetközi konferencia | ||
| 695 | |a programok | ||
| 695 | |a trendek | ||
| 700 | 1 | |a Schultz Dr. Éva |e ths | |
| 856 | 4 | 0 | |u http://dolgozattar.uni-bge.hu/60001/1/Schneider_Korina_Szakdolgozat%20.pdf |z Dokumentum-elérés |
| 856 | 4 | 0 | |u http://dolgozattar.uni-bge.hu/60001/2/Schneider%20Korina_konzulensi_Schultz%20%C3%89va.pdf |z Dokumentum-elérés |
| 856 | 4 | 0 | |u http://dolgozattar.uni-bge.hu/60001/3/Schneider%20Korina_opponens_biralat_TakacsEdit.pdf |z Dokumentum-elérés |